<?xml version="1.0" encoding="UTF-8"?>
<collection xmlns:xsi="http://www.w3.org/2001/XMLSchema-instance" xsi:schemaLocation="http://www.loc.gov/MARC21/slim http://www.loc.gov/standards/marcxml/schema/MARC21slim.xsd" xmlns="http://www.loc.gov/MARC21/slim">
 <record>
  <leader>00000nam a2200000 i 4500</leader>
  <controlfield tag="001">UP-1685954869149694857</controlfield>
  <controlfield tag="003">Buklod</controlfield>
  <controlfield tag="005">20241127175812.0</controlfield>
  <controlfield tag="006">a     r    |||| u|</controlfield>
  <controlfield tag="007">cr |||||||||||</controlfield>
  <controlfield tag="008">241106s2020    nyu        u        eng  </controlfield>
  <datafield tag="020" ind1=" " ind2=" ">
   <subfield code="a">9780190908607 (eBook)</subfield>
  </datafield>
  <datafield tag="020" ind1=" " ind2=" ">
   <subfield code="a">9780190908621 (eBook)</subfield>
  </datafield>
  <datafield tag="020" ind1=" " ind2=" ">
   <subfield code="a">9780190908591 (eBook)</subfield>
  </datafield>
  <datafield tag="020" ind1=" " ind2=" ">
   <subfield code="a">9780190908614 (eBook)</subfield>
  </datafield>
  <datafield tag="035" ind1=" " ind2=" ">
   <subfield code="a">21605779</subfield>
  </datafield>
  <datafield tag="040" ind1=" " ind2=" ">
   <subfield code="a">DLC</subfield>
   <subfield code="d">DLAW</subfield>
   <subfield code="e">rda</subfield>
  </datafield>
  <datafield tag="041" ind1="0" ind2=" ">
   <subfield code="a">eng</subfield>
  </datafield>
  <datafield tag="082" ind1="0" ind2=" ">
   <subfield code="a">346.73048/6</subfield>
   <subfield code="2">23</subfield>
  </datafield>
  <datafield tag="084" ind1=" " ind2=" ">
   <subfield code="a">K 1401 </subfield>
   <subfield code="b">B375 2020eb</subfield>
  </datafield>
  <datafield tag="100" ind1="1" ind2=" ">
   <subfield code="a">Barnett, Jonathan M.</subfield>
   <subfield code="e">author.</subfield>
  </datafield>
  <datafield tag="245" ind1="1" ind2="0">
   <subfield code="a">Innovators, firms, and markets</subfield>
   <subfield code="b">the organizational logic of intellectual property</subfield>
   <subfield code="c">Jonathan M. Barnett.</subfield>
   <subfield code="h">Electronic resources.</subfield>
  </datafield>
  <datafield tag="264" ind1=" " ind2="1">
   <subfield code="a">New York, NY</subfield>
   <subfield code="b">Oxford University Press</subfield>
   <subfield code="c">[2020]</subfield>
  </datafield>
  <datafield tag="300" ind1=" " ind2=" ">
   <subfield code="a">1 online resource (xvi, 234 pages)</subfield>
   <subfield code="b">illustrations</subfield>
   <subfield code="c">25 cm</subfield>
  </datafield>
  <datafield tag="336" ind1=" " ind2=" ">
   <subfield code="a">text</subfield>
   <subfield code="b">txt</subfield>
   <subfield code="2">rdacontent</subfield>
  </datafield>
  <datafield tag="337" ind1=" " ind2=" ">
   <subfield code="a">computer</subfield>
   <subfield code="2">rdamedia</subfield>
  </datafield>
  <datafield tag="338" ind1=" " ind2=" ">
   <subfield code="a">online resource</subfield>
   <subfield code="b">nc</subfield>
   <subfield code="2">rdacarrier</subfield>
  </datafield>
  <datafield tag="504" ind1=" " ind2=" ">
   <subfield code="a">Includes bibliographical references and index.</subfield>
  </datafield>
  <datafield tag="505" ind1="0" ind2=" ">
   <subfield code="a">Dynamic analysis of intellectual property -- Organizational Effects of intellectual property (micro-level) -- Organizational effects of intellectual property (macro-level) -- Constructing an objective history of the U.S. patent system -- An organizational history of the U.S. patent system -- Exploding the supply chain : strong patents and vertical disintegration -- Why incumbents (usually) prefer weak intellectual property rights -- Organizational perspectives on intellectual property reform.</subfield>
  </datafield>
  <datafield tag="520" ind1=" " ind2=" ">
   <subfield code="a">This book presents a theoretical, historical and empirical account of the relationship between intellectual property rights, organizational type and market structure. Patents expand transactional choice by enabling smaller R&amp;D-intensive firms to compete against larger firms that wield difficult-to-replicate financing, production and distribution capacities. In particular, patents enable upstream firms that specialize in innovation to exchange informational assets with downstream firms that specialize in commercialization, lowering capital and technical requirements that might otherwise impede entry. These theoretical expectations track a novel organizational history of the U.S. patent system during 1890-2006. Periods of strong patent protection tend to support innovation ecosystems in which smaller innovators can monetize R&amp;D through financing, licensing and other relationships with funding and commercialization partners. Periods of weak patent protection tend to support innovation ecosystems in which innovation and commercialization mostly take place within the end-to-end structures of large integrated firms. The proposed link between IP rights and organizational type tracks evidence on historical and contemporary patterns in IP lobbying and advocacy activities. In general, larger and more integrated firms (outside pharmaceuticals) tend to advocate for weaker patents, while smaller and less integrated firms (and venture capitalists who back those firms) tend to advocate for stronger patents. Contrary to conventional assumptions, the economics, history and politics of the U.S. patent system suggest that weak IP rights often shelter large incumbents from the entry threat posed by smaller R&amp;D-specialist entities&quot;--</subfield>
   <subfield code="c">Provided by publisher.</subfield>
  </datafield>
  <datafield tag="650" ind1=" " ind2="0">
   <subfield code="a">Intellectual property.</subfield>
   <subfield code="a">Electronic books.</subfield>
  </datafield>
  <datafield tag="650" ind1=" " ind2="0">
   <subfield code="a">Patent laws and legislation</subfield>
   <subfield code="z">United States.</subfield>
  </datafield>
  <datafield tag="776" ind1="0" ind2="8">
   <subfield code="a">Barnett, Jonathan M.</subfield>
   <subfield code="d">New York, NY : Oxford University Press,  [2020]</subfield>
   <subfield code="i">Online version</subfield>
   <subfield code="t">Innovators, firms, and markets</subfield>
   <subfield code="w">(DLC) 2020031299</subfield>
   <subfield code="z">9780190908614.</subfield>
  </datafield>
  <datafield tag="856" ind1="0" ind2="0">
   <subfield code="u">https://doi.org/10.1093/oso/9780190908591.001.0001</subfield>
   <subfield code="y">click here to access</subfield>
   <subfield code="z">available to all UP Students</subfield>
   <subfield code="3">University of the Philippines, College of Law</subfield>
  </datafield>
  <datafield tag="905" ind1=" " ind2=" ">
   <subfield code="a">FO</subfield>
  </datafield>
  <datafield tag="852" ind1="0" ind2=" ">
   <subfield code="a">UPD</subfield>
   <subfield code="b">BGC-LL</subfield>
   <subfield code="h">K 1401</subfield>
   <subfield code="i">B375 2020</subfield>
  </datafield>
  <datafield tag="942" ind1=" " ind2=" ">
   <subfield code="a">Electronic Resource</subfield>
  </datafield>
 </record>
</collection>
